000 00468nam a2200145Ia 4500
008 151213s9999 xx 000 0 und d
100 _aCBS Publisher and Distributors
245 _aThe New International Webster's Pocket Speaking Dictionary
_cCBS Publisher and Distributors
260 _aNew Delhi
_bCBS Publisher & Distributors
_c2001
300 _a1602 p.
650 _aDictionary
650 _aReference
700 _aCBS Publisher and Distributors
999 _c1220
_d1220